Rozpoznaj państwo po emotce - Statystyki

Ogólne statystyki
  • Ten quiz został rozwiązany 26 razy
  • Średni wynik to 7 z 8
Statystyki odpowiedzi
Hint Odpowiedź % Poprawnych
⛩️🗾 Japonia
100%
🍺🥨 Niemcy
100%
🍕🍷 Włochy
100%
🥟🎹 Polska
88%
⚽🌞 Argentyna
80%
🏒⛄ Kanada
76%
⚽🌳 Brazylia
72%
🏎🌊 Monako
40%
Nie znaleziono quizów pasujących do podanych kryteriów
Rozkład punktacji
Procent ludzi z każdym wynikiem
Percentyl według liczby udzielonych odpowiedzi
Twoja historia wyników
Nie rozwiązałeś tego quizu